000
00292nam a22001337a 4500
008
171201b xxu||||| |||| 00| 0 eng d
020
_a
419940001
041
_a
eng
080
_a
159.9
100
_a
49
101
_a
PSI
245
_a
GESTALT THERAPY VERBATIM
_c
PERLS, F.S
942
_2
udc
_c
BK
999
_c
38717
_d
38717